Entry Nombre personal
001 - NÚMERO DE CONTROL
- campo de control: 234222
003 - IDENTIFICADOR DE NÚMERO DE CONTROL
- campo de control: ES-MaACL
005 - FECHA Y HORA DE LA ÚLTIMA TRANSACCIÓN
- campo de control: 20231011194120.0
008 - ELEMENTOS DE DATO DE LONGITUD-FIJA
- campo de control de longitud fija: 230915|| aca||aabn | a|a d
040 ## - FUENTE DE CATALOGACIÓN
- Centro catalogador/agencia de origen: ES-MaACL
- Centro/agencia transcriptor: ES-MaACL
100 ## - ENCABEZAMIENTO-NOMBRE DE PERSONA
- Nombre de persona: Santiso, Javier,
- Fechas asociadas al nombre: 1969-
373 ## - GRUPO ASOCIADO
- Grupo asociado: Ateneo de Madrid
- Fuente de información: Censo mensual de socios 2023
- Período de inicio: 2023
400 ## - TRAZADO DE VÉASE--NOMBRE DE PERSONA
- Nombre de persona: Santiso Guimaras, Javier,
- Fechas asociadas al nombre: 1969-
670 ## - FUENTE DE DATOS ENCONTRADOS
- Cita de la fuente: Work cat.: (ES-MaACL)193161: Santiso, Javier, 1969- XX4740958, El octavo día /
670 ## - FUENTE DE DATOS ENCONTRADOS
- Cita de la fuente: WWW BN España aut., 11/10/2023
- Información encontrada: (Santiso, Javier, 1969-)
678 ## - DATOS BIOGRÁFICOS O HISTÓRICOS
- Datos biográficos o históricos: Socio del Ateneo de Madrid n. 34214, ingresó el 8/5/2023
- Ampliación de la nota: Fuente: Censo mensual de socios 2023
